| 000 | 00445cam a2200181ua 4500 | ||
|---|---|---|---|
| 020 | _c300.00 | ||
| 041 |
_aeng _h |
||
| 082 |
_a020 _bRAV/LI |
||
| 100 | _aRavichandra Rao, I K . | ||
| 245 |
_aLibrary automation / _cI K Ravichandra Rao. _hTextual Documents |
||
| 250 |
_a1 / _b. |
||
| 260 |
_aNew Delhi : _bWiley Eastern Ltd , _c1990. |
||
| 300 | _a213 ; . | ||
| 365 | _a300.00 | ||
| 504 | _a | ||
| 942 | _cBK | ||
| 999 |
_c5425 _d5425 |
||